Sri Lanka, peace without process (Record no. 3224)

MARC details
000 -LEADER
fixed length control field 00805nam a2200253 4500
003 - CONTROL NUMBER IDENTIFIER
control field LK-CoMWRAF
008 - FIXED-LENGTH DATA ELEMENTS--GENERAL INFORMATION
fixed length control field 230819b2006 |||||||| |||| 00| 0 eng d
020 ## - INTERNATIONAL STANDARD BOOK NUMBER
International Standard Book Number 9551266176
040 ## - CATALOGING SOURCE
Original cataloging agency LK-CoMWRAF
Modifying agency LK-CoMWRAF
Description conventions LK-CoMWRAF
041 ## - LANGUAGE CODE
Language code of text/sound track or separate title English
082 ## - DEWEY DECIMAL CLASSIFICATION NUMBER
Classification number 305.8
Item number SRI
942 ## - ADDED ENTRY ELEMENTS (KOHA)
Koha item type Books
111 ## - MAIN ENTRY--MEETING NAME
Meeting name or jurisdiction name as entry element SRI LANKA, CEASEFIRE AND AFTER
Location of meeting (Chennai
Date of meeting September 2003)
700 ## - ADDED ENTRY--PERSONAL NAME
Personal name Raman, B.
relator term editor
700 ## - ADDED ENTRY--PERSONAL NAME
Personal name Moorthy, N. Sathiya
relator term editor
700 ## - ADDED ENTRY--PERSONAL NAME
Personal name Chittaranjan, Kalpana
relator term editor
245 ## - TITLE STATEMENT
Title Sri Lanka, peace without process
260 ## - PUBLICATION, DISTRIBUTION, ETC. (IMPRINT)
Place of publication, distribution, etc. Colombo:
Name of publisher, distributor, etc. Vijitha Yapa,
Date of publication, distribution, etc. 2006
300 ## - PHYSICAL DESCRIPTION
Extent xxxv, 335 p. ; 22 cm.
Other physical details Index included
650 ## - SUBJECT ADDED ENTRY--TOPICAL TERM
Topical term or geographic name as entry element ETHNIC CONFLICT-SRI LANKA-CONGRESSES
650 ## - SUBJECT ADDED ENTRY--TOPICAL TERM
Topical term or geographic name as entry element Peace-building-Sri Lanka
650 ## - SUBJECT ADDED ENTRY--TOPICAL TERM
Topical term or geographic name as entry element Conflict management -Sri Lanka
650 ## - SUBJECT ADDED ENTRY--TOPICAL TERM
Topical term or geographic name as entry element Politics and government-Sri Lanka
Holdings
Withdrawn status Lost status Damaged status Not for loan Permanent Location Current Location Date acquired Full call number Barcode Koha item type
        Resource center, Muslim Women's Research And Action Forum Resource center, Muslim Women's Research And Action Forum 2023-08-19 305.8 SRI RAF48 Books

Copyright © 2023 Muslim Women's Research and Action Forum (MWRAF), No 27/3, Anderson Road, Kalubowila, Dehiwela. Funded by The Asia Fundation